Entender la arquitectura, sus elementos, historia y significado (Registro nro. 21542)
[ vista simple ]
| 000 -Cabecera | |
|---|---|
| Campo de control interno | 00506nam a22002057a 4500 |
| 005 - Fecha y hora del registro | |
| control field | 20260312085511.0 |
| 008 - Elementos de Longitud Fija | |
| fixed length control field | 260312b |||||||| |||| 00| 0 spa d |
| 041 ## - Idioma | |
| Codigo Idioma | ESP |
| 082 ## - DEWEY y NOTACIÓN INTERNA | |
| Dewey | 720.1 |
| Notación Interna | R85 |
| 100 ## - AUTOR | |
| Autor denominación | Roth, Leland M |
| 245 ## - TÍTULO DE MATERIAL BIBLIOGRÁFICO | |
| Título | Entender la arquitectura, sus elementos, historia y significado |
| 260 ## - CIUDAD, EDITORIAL, AÑO | |
| Ciudad | : |
| Nombre de la Editorial | , |
| Año | 2016 |
| 300 ## - DESCRIPCIÓN | |
| N° Páginas | xxxiii, 599 páginas : |
| Otros detalles | ; |
| Dimensiones | 24 cm. |
| 440 ## - MENCIÓN DE SERIE | |
| Título de la Serie | ; |
| 650 ## - TEMAS | |
| Temas | Generalidades |
| 654 ## - PROGRAMAS | |
| Programa | Dpto. Arquitectura y Urbanismo |
| 700 ## - OTROS AUTORES | |
| Otros autores | ; |
| 942 ## - ELEMENTOS DE KOHA | |
| Tipo de documento | Libro |
| Nombre del creador | Justo Noguera |
| Código de catalogador | Justo Noguera |
| Esquema de clasificación | Dewey Decimal Classification |
| Codigo completo | Registro | Colección | Copia número | Disponibilidad | Tipo de préstamo | Biblioteca Actual | Procedencia (Biblioteca) | Ubicacón | Fecha Ingreso | Tipo de Adquisición | Date last seen | Total checkouts | Price effective from | Tipo de Item | Estado del Material | Fuente de Clasificación | Damaged status | Withdrawn status |
|---|---|---|---|---|---|---|---|---|---|---|---|---|---|---|---|---|---|---|
| 720.1 R85 | 1057676 | Universidad Católica San Pablo | 1 | Disponible | Disponible | Víctor Andrés Belaunde | Víctor Andrés Belaunde | Segundo piso | 12/03/2026 | Compra | 12/03/2026 | 12/03/2026 | Libro | Bueno | Dewey Decimal Classification |




